| 000 | 00883cam a2200193 4500 | ||
|---|---|---|---|
| 001 | WB3816-26 | ||
| 008 | 020430n2002 000 0 eng u | ||
| 035 | _a(Sirsi) u117781 | ||
| 245 | _aMilk Task Force: government response | ||
| 260 | _c2002 | ||
| 490 |
_aDEFRA News Release _v(158/02) 22 April 2002, (2) |
||
| 520 | _aGovernment has responded positively to nearly all the Milk Task Force's recommendations to improve efficiency and co-operation throughout the dairy supply chain. The Milk Task Force report was published on 3 January 2002 and is available at http://www.defra.gov.uk/farm/ag2000.htm. Government response available at http://www.defra.gov.uk/farm/mtfreport/response.htm. http://www.defra.gov.uk/news/2002/020422a.htm | ||
| 590 | _aWB | ||
| 650 | _aMILK QUOTA | ||
| 650 | _aDAIRY SECTOR | ||
| 650 | _aDAIRY FARMS | ||
| 690 |
_aRural _96268 |
||
| 942 | _n0 | ||
| 999 |
_c70131 _d70131 |
||